Monarchien in Europa - Sudden Death - Statistiken

Allgemein
  • Dieses Quiz wurde 422 mal gespielt
  • Das Durchschnittsergebnis liegt bei 8 aus 11
Answers on the Grid
Answers color-coded by a green-red scale on the quiz's grid according to % correct below.
Albanien
Österreich
Belgien
Bulgarien
Vatikanstadt
Kroatien
Dänemark
Finnland
Frankreich
Deutschland
Griechenland
Italien
Liechtenstein
Litauen
Luxemburg
Monaco
Norwegen
Niederlande
Polen
Vereinigtes Königreich
Tschechien
Rumänien
San Marino
Serbien
Slowakei
Slowenien
Spanien
Schweden
Schweiz
Ungarn
 
Antwortstatistiken
Antwort % Korrekt
Vereinigtes Königreich
85%
Niederlande
83%
Spanien
82%
Dänemark
81%
Schweden
81%
Monaco
80%
Norwegen
78%
Liechtenstein
73%
Belgien
68%
Luxemburg
68%
Vatikanstadt
51%
Keine übereinstimmenden Quizze gefunden
Verteilung der Resultate
Anzahl Personen mit jedem Resultat
Perzentil nach korrekt beantworteten Fragen
Ihre Resultats-Entwicklung
Sie haben dieses Quiz noch nicht gespielt